000 00610nam a2200193Ia 4500
005 20250508163421.0
008 008 250505s9999 xx 000 0 hin d
037 _aDissertations
040 _aFEDL
_beng
_cFEDL
041 _ahin
_2eng
084 _a491.43, SUR/DI
_qFEDL
100 _aSurbhi
245 0 _aKaksha aath ke hindi tatha ahindi matribhashi chatr-chatrao ki hindi bahsha me anvay sambandhi trutiyo ka tulnatmak addhyan
260 _c1989
300 _a105p.
546 _aM. Ed. Dissertation (Delhi University
942 _cDIS
_h491.43, SUR/DI
999 _c1382988
_d1382988